[Event "Philadelphia int."]
[Site "Philadelphia USA"]
[Date "2022.06.25"]
[Round "3"]
[White "Noritsyn, Nikolay"]
[Black "Jacobson, Aaron"]
[Result "1/2-1/2"]
[WhiteElo "2488"]
[BlackElo "2275"]
[PlyCount "191"]
[EventDate "2022.06.24"]
[EventType "swiss"]
[EventRounds "7"]
[EventCountry "USA"]
[Source "ChessMix"]
[SourceDate "2022.07.10"]

1. e4 e5 2. Nf3 Nf6 3. d3 Nc6 4. g3 d5 5. exd5 Nxd5 6. Bg2 Bc5 7. O-O O-O 8. a3
a5 9. Nc3 Nb6 10. Re1 Re8 11. b3 f6 12. Bb2 Bg4 13. h3 Bh5 14. g4 Bf7 15. Ne4
Bf8 16. c4 Nd7 17. d4 exd4 18. Nxd4 Nxd4 19. Qxd4 Ne5 20. Qc3 Qd3 21. g5 Qxc3
22. Bxc3 a4 23. b4 Nxc4 24. gxf6 c6 25. Bf1 Bd5 26. Bxc4 Bxc4 27. fxg7 Bxg7 28.
Bxg7 Kxg7 29. Nd6 Rxe1+ 30. Rxe1 b5 31. Nxc4 bxc4 32. Rc1 Rd8 33. Rxc4 Rd3 34.
Rg4+ Kf6 35. Rg3 Rd1+ 36. Kg2 Rc1 37. Re3 Kf5 38. Kg3 c5 39. bxc5 Rxc5 40. Rf3+
Kg5 41. Kg2 h5 42. Rd3 Rc4 43. Rd5+ Kh4 44. Re5 Rd4 45. Rc5 Rf4 46. Rc3 Rd4 47.
Re3 Rc4 48. Re2 Kg5 49. Kg3 Rc3+ 50. Re3 Rb3 51. Rf3 h4+ 52. Kg2 Rb1 53. Re3
Rb3 54. Kf3 Kf5 55. Ke2 Rb2+ 56. Kf1 Rb3 57. Ke1 Rb1+ 58. Ke2 Rb2+ 59. Kf3 Rb3
60. Kg2 Kf4 61. Re8 Rxa3 62. Rg8 Ra1 63. Rg4+ Kf5 64. Rxh4 a3 65. Ra4 Kg5 66.
Ra5+ Kh4 67. Kh2 Rf1 68. Ra4+ Kg5 69. Kg3 Rg1+ 70. Kf3 Rh1 71. Ra5+ Kg6 72. Kg4
Rg1+ 73. Kf4 Rf1 74. Ra6+ Kg7 75. f3 Rh1 76. Kg4 Rg1+ 77. Kf5 Rg3 78. Rxa3 Rxh3
79. Ra7+ Kf8 80. f4 Rh6 81. Ra1 Rb6 82. Rc1 Kf7 83. Re1 Rb5+ 84. Kg4 Kf6 85.
Rc1 Rb6 86. Rc5 Ra6 87. Rh5 Kg6 88. f5+ Kg7 89. Kg5 Rb6 90. Rh1 Ra6 91. Re1 Kf7
92. Rb1 Rc6 93. Rb7+ Kf8 94. Rh7 Ra6 95. Rh6 Rxh6 96. Kxh6 1/2-1/2

[Event "Philadelphia int."]
[Site "Philadelphia USA"]
[Date "2022.06.26"]
[Round "5.3"]
[White "Noritsyn, Nikolay"]
[Black "Jacobson, Brandon"]
[Result "1/2-1/2"]
[WhiteElo "2488"]
[BlackElo "2526"]
[PlyCount "115"]
[EventDate "2022.06.24"]
[EventType "swiss"]
[EventRounds "7"]
[EventCountry "USA"]
[Source "ChessMix"]
[SourceDate "2022.07.10"]

1. e4 c5 2. Nf3 d6 3. d4 cxd4 4. Nxd4 Nf6 5. Nc3 Nc6 6. f3 e5 7. Nb3 Be7 8. Be3
Be6 9. Nd5 Bxd5 10. exd5 Nb4 11. c4 a5 12. a3 Na6 13. Bd3 O-O 14. O-O Nd7 15.
Kh1 a4 16. Nd2 Nac5 17. Ne4 Nb3 18. Rb1 f5 19. Nc3 Ndc5 20. Bc2 Qd7 21. Nxa4
Qxa4 22. Bxc5 Qxc4 23. Bxd6 Bxd6 24. Bxb3 Qb5 25. Bc2 Rac8 26. Ba4 Qb6 27. Bd7
Ra8 28. Be6+ Kh8 29. Qc2 e4 30. g3 Qe3 31. Rbe1 Qh6 32. Kg2 Be5 33. fxe4 f4 34.
Qc1 Rf6 35. Rf3 g5 36. Bf5 Raf8 37. Ref1 fxg3 38. hxg3 g4 39. Bxg4 Rxf3 40.
Bxf3 Qg7 41. Qe1 Rg8 42. g4 Qh6 43. Rh1 Qf4 44. Qh4 Rg7 45. Rd1 Rc7 46. Rf1 Rf7
47. Rf2 Rf6 48. a4 Rh6 49. Qd8+ Kg7 50. Qd7+ Kh8 51. Qc8+ Kg7 52. Kf1 Bd4 53.
Qd7+ Kh8 54. Qe8+ Kg7 55. Qd7+ Kh8 56. Qe8+ Kg7 57. Qd7+ Kh8 58. Qe8+ 1/2-1/2

[Event "Philadelphia int."]
[Site "Philadelphia USA"]
[Date "2022.06.27"]
[Round "7.4"]
[White "Noritsyn, Nikolay"]
[Black "Bellahcene, Bilel"]
[Result "1-0"]
[WhiteElo "2488"]
[BlackElo "2513"]
[PlyCount "83"]
[EventDate "2022.06.24"]
[EventType "swiss"]
[EventRounds "7"]
[EventCountry "USA"]
[Source "ChessMix"]
[SourceDate "2022.07.10"]

1. e4 c5 2. Nf3 d6 3. d4 cxd4 4. Nxd4 Nf6 5. Nc3 a6 6. Be3 Ng4 7. Bc1 Nf6 8. h3
e6 9. g4 h6 10. Bg2 Be7 11. Be3 Nc6 12. Nxc6 bxc6 13. Qd2 Rb8 14. O-O-O d5 15.
Bd4 Qa5 16. exd5 cxd5 17. Kb1 Qb4 18. b3 a5 19. Rhe1 a4 20. f4 axb3 21. cxb3
O-O 22. g5 hxg5 23. fxg5 Nh7 24. h4 Rd8 25. Qe3 Rb7 26. Bh3 Bd6 27. h5 Rc7 28.
g6 Nf8 29. gxf7+ Rxf7 30. h6 Bf4 31. h7+ Nxh7 32. Qd3 Nf8 33. Ne2 Bh6 34. Bb2
Re8 35. Nd4 Qd6 36. Nf5 Rxf5 37. Bxf5 Bd7 38. Bg4 Ra8 39. Bh5 Qc7 40. Rf1 Be8
41. Bxe8 Rxe8 42. Rh1 1-0

[Event "Philadelphia int."]
[Site "Philadelphia USA"]
[Date "2022.06.28"]
[Round "8.2"]
[White "Khanin, Semen"]
[Black "Noritsyn, Nikolay"]
[Result "1-0"]
[WhiteElo "2517"]
[BlackElo "2488"]
[PlyCount "75"]
[EventDate "2022.06.24"]
[EventType "swiss"]
[EventRounds "7"]
[EventCountry "USA"]
[Source "ChessMix"]
[SourceDate "2022.07.10"]

1. d4 e6 2. c4 Bb4+ 3. Bd2 a5 4. Nc3 Nf6 5. e4 d6 6. Bd3 e5 7. d5 O-O 8. Nge2
Nh5 9. O-O Nd7 10. a3 Bxc3 11. Nxc3 Nf4 12. Bc2 Nb6 13. b3 a4 14. Nxa4 Nxa4 15.
bxa4 f5 16. Rb1 Qg5 17. Bxf4 exf4 18. exf5 Bxf5 19. Bxf5 Rxf5 20. Qf3 b6 21.
Rfe1 Re5 22. Re2 Rxa4 23. Rbe1 Rxc4 24. h4 Qe7 25. Rxe5 dxe5 26. Qb3 Rc5 27.
d6+ Qf7 28. d7 Qxb3 29. d8=Q+ Kf7 30. Rd1 e4 31. Rd7+ Kg6 32. Qf8 Qb2 33. Qf7+
Kh6 34. Qxf4+ Kh5 35. Qxe4 Kh6 36. g4 Qe5 37. Qf3 Qe6 38. Qf4+ 1-0

[Event "Philadelphia int."]
[Site "Philadelphia USA"]
[Date "2022.06.28"]
[Round "9.4"]
[White "Noritsyn, Nikolay"]
[Black "Tsay, Vincent"]
[Result "1-0"]
[WhiteElo "2488"]
[BlackElo "2310"]
[PlyCount "121"]
[EventDate "2022.06.24"]
[EventType "swiss"]
[EventRounds "7"]
[EventCountry "USA"]
[Source "ChessMix"]
[SourceDate "2022.07.10"]

1. e4 e6 2. d4 d5 3. Nc3 Nf6 4. e5 Nfd7 5. Nce2 c5 6. c3 Nc6 7. Nf3 Be7 8. g3
g5 9. Be3 h6 10. h4 g4 11. Nd2 h5 12. Bg2 Nf8 13. a3 Ng6 14. b4 cxd4 15. cxd4
Bd7 16. Nb3 b6 17. f3 f5 18. exf6 Bxf6 19. fxg4 hxg4 20. O-O Qe7 21. b5 Nd8 22.
Nc3 Rc8 23. Rc1 Qg7 24. Qxg4 Ne7 25. Qxg7 Bxg7 26. a4 Nf7 27. Ne2 Nd6 28. Bf4
Rxc1 29. Rxc1 Nc4 30. Bh3 Nf5 31. Bxf5 exf5 32. Bg5 Kf7 33. Nf4 Rc8 34. Nxd5
Na5 35. Rxc8 Bxc8 36. Nxa5 bxa5 37. Be3 Be6 38. Nc3 Bc4 39. Kf2 Bf8 40. Ke1 Bb4
41. Kd2 Bb3 42. Kd3 Bxc3 43. Kxc3 Bxa4 44. Kc4 Bd1 45. d5 Be2+ 46. Kc5 Ke8 47.
Kc6 Kd8 48. Bxa7 Bh5 49. Bb6+ Kc8 50. Bxa5 Be8+ 51. Kc5 Kb7 52. b6 Kc8 53. Bd2
Kb7 54. Be3 Kc8 55. Kd6 Bf7 56. Ke5 Kd7 57. Bf4 Kc8 58. d6 Bh5 59. Ke6 Be8 60.
Ke7 Bc6 61. h5 1-0

[Event "Titled Tuesday 2021.12.21"]
[Site "chess.com INT"]
[Date "2021.12.21"]
[Round "1"]
[White "Noritsyn, Nikolay"]
[Black "Cruz Mendez, Jean Marco"]
[Result "1-0"]
[WhiteElo "2512"]
[BlackElo "2018"]
[PlyCount "51"]
[EventDate "2021.12.21"]
[EventType "swiss (blitz)"]
[EventRounds "11"]
[EventCountry "NET"]
[Source "Mark Crowther"]
[SourceDate "2021.12.27"]

1. b3 e5 2. Bb2 Nc6 3. e3 Nf6 4. Nf3 e4 5. Nd4 d5 6. c4 Bd6 7. cxd5 Nxd5 8.
Nxc6 bxc6 9. Bxg7 Rg8 10. Bd4 Nb4 11. a3 Bg4 12. Qc1 Nd3+ 13. Bxd3 exd3 14.
Qxc6+ Bd7 15. Qe4+ Kf8 16. Nc3 Rb8 17. b4 a5 18. bxa5 f5 19. Qd5 Qe7 20. a6 c6
21. Qf3 Ra8 22. a7 Kf7 23. Qh5+ Kf8 24. Rb1 c5 25. Qh6+ Ke8 26. Nd5 1-0

[Event "Titled Tuesday 2021.12.21"]
[Site "chess.com INT"]
[Date "2021.12.21"]
[Round "2"]
[White "Dordzhieva, Dinara"]
[Black "Noritsyn, Nikolay"]
[Result "1-0"]
[WhiteElo "2325"]
[BlackElo "2512"]
[PlyCount "89"]
[EventDate "2021.12.21"]
[EventType "swiss (blitz)"]
[EventRounds "11"]
[EventCountry "NET"]
[Source "Mark Crowther"]
[SourceDate "2021.12.27"]

1. Nf3 e6 2. d4 d5 3. c4 c6 4. g3 f5 5. Bg2 Nf6 6. Bf4 Bd6 7. O-O O-O 8. Nbd2
Bxf4 9. gxf4 Nbd7 10. Qc2 Qe7 11. cxd5 exd5 12. Qxf5 Ne4 13. Qh5 Nxd2 14. Nxd2
Rxf4 15. e3 Nf6 16. Qe5 Re4 17. Nxe4 Qxe5 18. dxe5 Nxe4 19. f4 Bf5 20. Rfd1 Kf7
21. Rac1 g5 22. Bf3 Rg8 23. Kf1 g4 24. Bg2 h5 25. Bxe4 Bxe4 26. Kf2 h4 27. Rg1
Ke6 28. Rc3 Kf5 29. Rb3 b6 30. Ra3 Rg7 31. b4 g3+ 32. hxg3 h3 33. g4+ Rxg4 34.
Rxa7 h2 35. Rf7+ Kg6 36. Rf6+ Kh5 37. Rxg4 Kxg4 38. Rh6 h1=Q 39. Rxh1 Bxh1 40.
e6 Be4 41. a4 Bg6 42. a5 bxa5 43. bxa5 Kf5 44. a6 Kxe6 45. a7 1-0

[Event "Titled Tuesday 2021.12.21"]
[Site "chess.com INT"]
[Date "2021.12.21"]
[Round "3"]
[White "Noritsyn, Nikolay"]
[Black "Le Goff, R."]
[Result "1-0"]
[WhiteElo "2512"]
[BlackElo "2280"]
[PlyCount "77"]
[EventDate "2021.12.21"]
[EventType "swiss (blitz)"]
[EventRounds "11"]
[EventCountry "NET"]
[Source "Mark Crowther"]
[SourceDate "2021.12.27"]

1. b3 d5 2. Bb2 Nf6 3. e3 a6 4. Nf3 c5 5. c4 Nc6 6. cxd5 Nxd5 7. Nc3 Nxc3 8.
Bxc3 Bg4 9. Bc4 e6 10. Qc2 b5 11. Be2 Rc8 12. a4 Nb4 13. Qb1 Bf5 14. e4 Bg4 15.
axb5 Bxf3 16. gxf3 a5 17. Rg1 Be7 18. f4 Bf6 19. e5 Bh4 20. f5 O-O 21. f6 g6
22. Qe4 Kh8 23. Qxh4 Nc2+ 24. Kd1 Nxa1 25. Rg3 Qd5 26. Bxa1 Qh1+ 27. Kc2 Qxa1
28. Qh6 Qa2+ 29. Kd3 Qxb3+ 30. Ke4 Qd5+ 31. Kf4 Qd4+ 32. Kf3 Qd5+ 33. Kg4 Qe4+
34. Kh3 Rg8 35. Rg4 Qf5 36. Kg2 g5 37. Rg3 Rg6 38. Qh5 Qxe5 39. Bd3 1-0

[Event "Titled Tuesday 2021.12.21"]
[Site "chess.com INT"]
[Date "2021.12.21"]
[Round "4"]
[White "Weetik, V."]
[Black "Noritsyn, Nikolay"]
[Result "0-1"]
[WhiteElo "2423"]
[BlackElo "2512"]
[PlyCount "96"]
[EventDate "2021.12.21"]
[EventType "swiss (blitz)"]
[EventRounds "11"]
[EventCountry "NET"]
[Source "Mark Crowther"]
[SourceDate "2021.12.27"]

1. d4 e6 2. Bf4 b6 3. e4 Bb7 4. f3 d5 5. Nc3 dxe4 6. fxe4 Bb4 7. Bb5+ Nd7 8.
Nf3 Ngf6 9. O-O a6 10. Bxd7+ Nxd7 11. Qd3 O-O 12. a3 Be7 13. Rae1 c5 14. d5
exd5 15. exd5 c4 16. Qxc4 Nf6 17. Bc7 Bc5+ 18. Qxc5 bxc5 19. Bxd8 Rfxd8 20. Ne5
Bxd5 21. Nxd5 Rxd5 22. Nc4 Rd4 23. b3 h5 24. Re5 Rc8 25. h3 h4 26. Re7 Re8 27.
Rxe8+ Nxe8 28. Re1 Nf6 29. Re5 Ne4 30. Re8+ Kh7 31. Ra8 Ng3 32. Kf2 Re4 33.
Rxa6 Re2+ 34. Kf3 Rxc2 35. a4 f5 36. Rb6 g5 37. Ke3 Rc3+ 38. Kd2 Ne4+ 39. Kd1
Rg3 40. a5 Rxg2 41. a6 Ra2 42. Rb7+ Kg6 43. a7 g4 44. hxg4 fxg4 45. Nb6 g3 46.
a8=Q Rxa8 47. Nxa8 g2 48. Kc2 g1=Q 0-1

[Event "Titled Tuesday 2021.12.21"]
[Site "chess.com INT"]
[Date "2021.12.21"]
[Round "5"]
[White "Noritsyn, Nikolay"]
[Black "Agasarov, Benik"]
[Result "1-0"]
[WhiteElo "2512"]
[BlackElo "2205"]
[PlyCount "43"]
[EventDate "2021.12.21"]
[EventType "swiss (blitz)"]
[EventRounds "11"]
[EventCountry "NET"]
[Source "Mark Crowther"]
[SourceDate "2021.12.27"]

1. b3 g6 2. Bb2 Nf6 3. e3 Bg7 4. Nf3 O-O 5. d4 c5 6. dxc5 Qa5+ 7. c3 Qxc5 8.
Ba3 Qc7 9. Bxe7 Ne4 10. Bxf8 Nxc3 11. Qc2 Kxf8 12. Nd4 Nd5 13. Qxc7 Nxc7 14.
Nc3 Nc6 15. O-O-O Nxd4 16. exd4 Ne6 17. Ne2 d6 18. g3 Bd7 19. Bh3 Bb5 20. Nc3
Nxd4 21. Rxd4 Rc8 22. Bxc8 1-0

[Event "Titled Tuesday 2021.12.21"]
[Site "chess.com INT"]
[Date "2021.12.21"]
[Round "6"]
[White "Ovetchkin, R."]
[Black "Noritsyn, Nikolay"]
[Result "1-0"]
[WhiteElo "2518"]
[BlackElo "2512"]
[PlyCount "109"]
[EventDate "2021.12.21"]
[EventType "swiss (blitz)"]
[EventRounds "11"]
[EventCountry "NET"]
[Source "Mark Crowther"]
[SourceDate "2021.12.27"]

1. d4 e6 2. c4 Bb4+ 3. Bd2 a5 4. Nf3 d6 5. g3 Nc6 6. Nc3 e5 7. d5 Nce7 8. Bg2
Nf6 9. O-O O-O 10. Rc1 Nd7 11. a3 Bxc3 12. Bxc3 a4 13. Nd2 f5 14. Bb4 b6 15. f4
Ng6 16. e3 Nf6 17. Nf3 Qe7 18. Qd2 Bd7 19. Rfe1 Rae8 20. Ng5 h6 21. Ne6 Bxe6
22. dxe6 Qxe6 23. Qc2 Qd7 24. Rcd1 exf4 25. exf4 Ne7 26. Bc3 Ne4 27. Bxe4 fxe4
28. Rxe4 Nf5 29. Rde1 Rxe4 30. Qxe4 h5 31. Kg2 Qf7 32. Qe6 Qxe6 33. Rxe6 Kf7
34. Re2 Rb8 35. h3 Nh6 36. Kf3 b5 37. cxb5 Rxb5 38. Re4 Rd5 39. Rxa4 Rd3+ 40.
Kf2 Nf5 41. Ra7 Nxg3 42. Rxc7+ Ke6 43. a4 Ne4+ 44. Ke2 Rxh3 45. a5 Rh1 46. Bxg7
Ra1 47. b4 Ra4 48. Rb7 h4 49. Kf3 Kd5 50. Kg4 Ra1 51. Kxh4 Rg1 52. a6 Ng3 53.
a7 Nf5+ 54. Kh3 Ke4 55. a8=Q 1-0

[Event "Olympiad Top DivD"]
[Site "chess.com INT"]
[Date "2021.09.08"]
[Round "1.5"]
[White "Robson, R."]
[Black "Noritsyn, Nikolay"]
[Result "1-0"]
[WhiteElo "2673"]
[BlackElo "2512"]
[PlyCount "135"]
[EventDate "2021.09.08"]
[EventType "team (rapid)"]
[EventRounds "9"]
[EventCountry "NET"]
[Source "Mark Crowther"]
[SourceDate "2021.09.13"]
[WhiteTeam "United States of America"]
[BlackTeam "Canada"]
[BlackTeamCountry "CAN"]

1. e4 e5 2. Nf3 Nc6 3. Bb5 a6 4. Ba4 Bc5 5. O-O d6 6. c3 Bg4 7. h3 Bh5 8. d4
Bxf3 9. Qxf3 exd4 10. Rd1 b5 11. Bb3 Nf6 12. Bg5 Ne5 13. Qf5 d3 14. Nd2 h6 15.
Bh4 Qd7 16. Bxf6 Qxf5 17. exf5 gxf6 18. Ne4 Ke7 19. Kh2 Rhd8 20. f4 Nc4 21.
Rxd3 Nxb2 22. Rd2 Nc4 23. Bxc4 bxc4 24. Re1 Bb6 25. Nxd6+ Kf8 26. Nxc4 Rxd2 27.
Nxd2 Rd8 28. Ne4 Kg7 29. Ng3 Kf8 30. Nh5 Rd6 31. Re4 Rc6 32. g4 Ba5 33. c4 Rd6
34. c5 Rd2+ 35. Kg3 Rd3+ 36. Kg2 Bc3 37. Rc4 Rd2+ 38. Kf3 Rd3+ 39. Ke4 Rxh3 40.
Ra4 Rh4 41. Ra3 Bb2 42. Rb3 Ba1 43. Rb7 Rxg4 44. Rxc7 Rh4 45. Ng3 Rh3 46. Nf1
h5 47. c6 h4 48. Ne3 Rh1 49. Rb7 Rc1 50. c7 Kg7 51. Rb1 Rxc7 52. Rxa1 Rc5 53.
Rg1+ Kf8 54. Rh1 Ra5 55. Rxh4 Ra4+ 56. Kd3 Rxa2 57. Nd5 Ra5 58. Kd4 Ra4+ 59.
Kc5 Kg7 60. Rg4+ Kh6 61. Kd6 Ra5 62. Nxf6 Rxf5 63. Ke7 Rb5 64. Kxf7 Rb7+ 65.
Ke6 Rb6+ 66. Ke5 Rb5+ 67. Nd5 a5 68. f5 1-0

[Event "Olympiad Top DivD"]
[Site "chess.com INT"]
[Date "2021.09.08"]
[Round "2.1"]
[White "Gallego Alcaraz, A."]
[Black "Noritsyn, Nikolay"]
[Result "1-0"]
[WhiteElo "2512"]
[BlackElo "2512"]
[PlyCount "99"]
[EventDate "2021.09.08"]
[EventType "team (rapid)"]
[EventRounds "9"]
[EventCountry "NET"]
[Source "Mark Crowther"]
[SourceDate "2021.09.13"]
[WhiteTeam "Colombia"]
[BlackTeam "Canada"]
[WhiteTeamCountry "COL"]
[BlackTeamCountry "CAN"]

1. e4 e5 2. Nf3 Nc6 3. Bb5 a6 4. Ba4 Bc5 5. d3 Nge7 6. c3 O-O 7. Nbd2 d6 8. Nf1
f5 9. Bb3+ Kh8 10. Be3 Ng6 11. h4 Qe8 12. Ng5 Nf4 13. Bxf4 exf4 14. d4 Bb6 15.
f3 Na5 16. Nd2 c5 17. dxc5 Bxc5 18. Bd5 Nc6 19. b4 Ba7 20. Nc4 Ne5 21. Nxe5
Qxe5 22. Qb3 Be3 23. Rd1 Bd7 24. Bxb7 Rae8 25. Rd3 fxe4 26. Bxe4 Bf5 27. Qd5
Qf6 28. Qxf5 Qxf5 29. Bxf5 Rxf5 30. Ne4 Rfe5 31. Rxd6 a5 32. a3 axb4 33. axb4
Ra8 34. Ke2 Ra2+ 35. Kd3 h6 36. g4 Re8 37. g5 h5 38. g6 Kg8 39. Rd1 Kf8 40. Rd7
Rg2 41. Ng5 Bf2 42. Rd2 Rh2 43. Ne4 Bg3 44. Rxh2 Bxh2 45. Rd5 Bg1 46. Rxh5 Re6
47. Rg5 Be3 48. h5 Ra6 49. Rf5+ Ke8 50. Rf7 1-0

[Event "Olympiad Top DivD"]
[Site "chess.com INT"]
[Date "2021.09.09"]
[Round "4.2"]
[White "Van Foreest, Jorden"]
[Black "Noritsyn, Nikolay"]
[Result "1/2-1/2"]
[WhiteElo "2691"]
[BlackElo "2512"]
[PlyCount "101"]
[EventDate "2021.09.08"]
[EventType "team (rapid)"]
[EventRounds "9"]
[EventCountry "NET"]
[Source "Mark Crowther"]
[SourceDate "2021.09.13"]
[WhiteTeam "Netherlands"]
[BlackTeam "Canada"]
[WhiteTeamCountry "NED"]
[BlackTeamCountry "CAN"]

1. e4 c5 2. Nf3 Nc6 3. Bb5 e6 4. c3 d5 5. d3 Nge7 6. O-O Ng6 7. exd5 Qxd5 8. c4
Qd7 9. d4 a6 10. Ba4 cxd4 11. Nxd4 b5 12. Nxc6 Qxc6 13. cxb5 axb5 14. Qf3 Bb7
15. Qxc6+ Bxc6 16. Bb3 Be7 17. Be3 Bf6 18. Nc3 b4 19. Ne2 Bxb2 20. Rab1 Bf6 21.
Rfc1 Be4 22. Bc2 Bd5 23. Bc5 Be7 24. Bxg6 hxg6 25. Rxb4 Bxc5 26. Rxc5 Bxa2 27.
h4 O-O 28. Nc3 Bd5 29. Nxd5 exd5 30. Rxd5 Rfd8 31. Rdb5 Ra1+ 32. Kh2 Ra2 33.
Rf4 Ra6 34. Rb7 Rf6 35. Rxf6 gxf6 36. g4 Rd5 37. Kg3 f5 38. h5 fxg4 39. hxg6
fxg6 40. Kxg4 Ra5 41. f4 Rc5 42. Re7 Ra5 43. Rc7 Rb5 44. Kf3 Ra5 45. Ke4 Rb5
46. Rd7 Ra5 47. Rd5 Rxd5 48. Kxd5 Kf7 49. Ke5 Ke7 50. f5 gxf5 51. Kxf5 1/2-1/2

[Event "Olympiad Top DivD"]
[Site "chess.com INT"]
[Date "2021.09.09"]
[Round "5.4"]
[White "Noritsyn, Nikolay"]
[Black "Howell, D."]
[Result "1-0"]
[WhiteElo "2512"]
[BlackElo "2658"]
[PlyCount "107"]
[EventDate "2021.09.08"]
[EventType "team (rapid)"]
[EventRounds "9"]
[EventCountry "NET"]
[Source "Mark Crowther"]
[SourceDate "2021.09.13"]
[WhiteTeam "Canada"]
[BlackTeam "England"]
[WhiteTeamCountry "CAN"]
[BlackTeamCountry "ENG"]

1. e4 c6 2. d4 d5 3. exd5 cxd5 4. Nf3 Nf6 5. Ne5 g6 6. Be2 Bg7 7. O-O O-O 8.
Nd2 Nc6 9. c3 Bf5 10. Nb3 Ne4 11. Bf4 f6 12. Nd3 e5 13. Be3 b6 14. a3 a5 15. f3
Nd6 16. Nd2 Be6 17. Bf2 Bf7 18. a4 Re8 19. Ne1 Ra7 20. Nc2 Rae7 21. dxe5 Nxe5
22. Re1 Bh6 23. Bf1 Qc7 24. Nd4 Qb7 25. Qc2 Kg7 26. Rad1 Rd8 27. b3 Ree8 28.
Nb1 Rc8 29. Qb2 Qb8 30. Na3 Nb7 31. Bb5 Re7 32. Bg3 Rcc7 33. Nc6 Nxc6 34. Bxc6
Qd8 35. Bxc7 Rxc7 36. Bxb7 Rxb7 37. Nb5 Rd7 38. Qf2 Bf4 39. g3 Be5 40. Kg2 g5
41. Qd2 Bg6 42. Nd4 Qc8 43. Ne6+ Kg8 44. Nd4 Rc7 45. Re3 Bf7 46. Rde1 Kg7 47.
Rxe5 fxe5 48. Qxg5+ Kf8 49. Qxe5 Rxc3 50. Qh8+ Bg8 51. Qf6+ Bf7 52. Ne6+ Ke8
53. Ng5+ Kd7 54. Re7+ 1-0

[Event "Olympiad Top DivD"]
[Site "chess.com INT"]
[Date "2021.09.09"]
[Round "6.3"]
[White "Yurtseven, M."]
[Black "Noritsyn, Nikolay"]
[Result "0-1"]
[WhiteElo "2414"]
[BlackElo "2512"]
[PlyCount "108"]
[EventDate "2021.09.08"]
[EventType "team (rapid)"]
[EventRounds "9"]
[EventCountry "NET"]
[Source "Mark Crowther"]
[SourceDate "2021.09.13"]
[WhiteTeam "Turkey"]
[BlackTeam "Canada"]
[WhiteTeamCountry "TUR"]
[BlackTeamCountry "CAN"]

1. d4 e6 2. e4 d5 3. e5 c5 4. c3 Nc6 5. Nf3 Bd7 6. Be2 Nge7 7. Na3 Nf5 8. Nc2
Nh4 9. Nxh4 Qxh4 10. O-O Rc8 11. Be3 cxd4 12. cxd4 Qd8 13. Qd2 Qb6 14. a3 Na5
15. Rab1 Be7 16. Na1 O-O 17. Rfc1 Bb5 18. Bg4 Nc4 19. Qe1 Rc6 20. Be2 Rfc8 21.
Bxc4 Bxc4 22. Rc3 Ba2 23. Rbc1 Qxb2 24. R1c2 Qb1 25. Qxb1 Bxb1 26. Rxc6 Rxc6
27. Rb2 Rb6 28. Rxb6 axb6 29. Bc1 b5 30. Kf1 b4 31. axb4 Bxb4 32. Bb2 Bd3+ 33.
Kg1 Kf8 34. Nb3 b6 35. f3 Bc2 36. Nc1 Ke8 37. Kf2 Kd7 38. Ke2 Kc6 39. Na2 Be7
40. Kd2 Bb3 41. Nc1 Bc4 42. g4 Kb5 43. Nd3 Bxd3 44. Kxd3 Kb4 45. f4 g6 46. Kc2
Kc4 47. Kd2 b5 48. g5 b4 49. h4 Bd8 50. Ke2 Bb6 51. Ke3 Kb3 52. Bc1 Kc2 53. h5
b3 54. f5 Kxc1 0-1

[Event "Olympiad Top DivD"]
[Site "chess.com INT"]
[Date "2021.09.10"]
[Round "7.3"]
[White "Noritsyn, Nikolay"]
[Black "Cori, Jorge"]
[Result "0-1"]
[WhiteElo "2512"]
[BlackElo "2654"]
[PlyCount "102"]
[EventDate "2021.09.08"]
[EventType "team (rapid)"]
[EventRounds "9"]
[EventCountry "NET"]
[Source "Mark Crowther"]
[SourceDate "2021.09.13"]
[WhiteTeam "Canada"]
[BlackTeam "Peru"]
[WhiteTeamCountry "CAN"]
[BlackTeamCountry "PER"]

1. e4 c6 2. d4 d5 3. e5 Bf5 4. Bd3 Bxd3 5. Qxd3 e6 6. Ne2 c5 7. c3 Nc6 8. O-O
Qb6 9. Nd2 cxd4 10. cxd4 Qa6 11. Qxa6 bxa6 12. Nb3 Nge7 13. Bd2 Nf5 14. Rac1
Kd7 15. g4 Nh4 16. f4 h5 17. h3 Rc8 18. f5 hxg4 19. hxg4 Be7 20. Rc3 g6 21. f6
Bb4 22. Rxc6 Rxc6 23. Bxb4 Rc2 24. Nc5+ Kc6 25. Kf2 g5 26. Rh1 Rxb2 27. a3 Kb5
28. Nd3 Rc2 29. Rb1 Ng6 30. Ndc1 Rh2+ 31. Ke3 Rh3+ 32. Kf2 Kc6 33. Be1 Nf4 34.
Kf1 Rf3+ 35. Bf2 Nd3 36. Nxd3 Rxd3 37. Ke1 Rdd2 38. Kf1 Rxe2 39. Be1 Re4 40.
Rb8 Rf4+ 41. Kg1 Rxg4+ 42. Kf1 Rf4+ 43. Kg1 Kc7 44. Rf8 Rc1 45. Rxf7+ Kc6 46.
Re7 Rxe1+ 47. Kg2 Re2+ 48. Kg3 Re3+ 49. Kg2 Kb5 50. Rxe6 Kc4 51. Re7 Kxd4 0-1

[Event "Olympiad Top DivD"]
[Site "chess.com INT"]
[Date "2021.09.10"]
[Round "8.4"]
[White "Martinez Duany, L."]
[Black "Noritsyn, Nikolay"]
[Result "1/2-1/2"]
[WhiteElo "2520"]
[BlackElo "2512"]
[PlyCount "140"]
[EventDate "2021.09.08"]
[EventType "team (rapid)"]
[EventRounds "9"]
[EventCountry "NET"]
[Source "Mark Crowther"]
[SourceDate "2021.09.13"]
[WhiteTeam "Cuba"]
[BlackTeam "Canada"]
[WhiteTeamCountry "CUB"]
[BlackTeamCountry "CAN"]

1. e4 e5 2. Nf3 d6 3. Nc3 Nf6 4. d4 exd4 5. Nxd4 Be7 6. Be2 O-O 7. O-O Re8 8.
f4 Bf8 9. Bf3 c5 10. Nde2 Nc6 11. Kh1 Bg4 12. Ng3 Bxf3 13. Qxf3 Nd4 14. Qd1 a6
15. Be3 Nc6 16. Bg1 b5 17. Qd3 Nb4 18. Qd2 Qd7 19. Rad1 Qb7 20. Rfe1 Re6 21. a3
Nc6 22. Nd5 Nd7 23. b3 a5 24. c4 b4 25. a4 Nb6 26. Qd3 Rae8 27. Bf2 Nb8 28. h3
N8d7 29. Kh2 g6 30. e5 dxe5 31. f5 gxf5 32. Qxf5 e4 33. Rxe4 Bg7 34. Rg4 Rg6
35. Nxb6 Nxb6 36. Bxc5 Qc7 37. Bxb6 Qxb6 38. Rd7 Rf8 39. c5 Qc6 40. Rxg6 hxg6
41. Qd5 Qf6 42. c6 Qf4 43. Re7 Bf6 44. Re4 Qc7 45. Qd7 Be5 46. Qxc7 Bxc7 47. h4
Rd8 48. Re7 Rc8 49. Kh3 Kf8 50. Re3 Bf4 51. Re4 Bxg3 52. Kxg3 Rxc6 53. Kf4 Rc2
54. g4 Rb2 55. Re3 f6 56. h5 gxh5 57. gxh5 Rh2 58. Kg4 Kf7 59. Rh3 Rg2+ 60. Kf4
Rg5 61. h6 Kg8 62. h7+ Kh8 63. Rh6 Rc5 64. Rxf6 Rc3 65. Ra6 Rxb3 66. Rxa5 Ra3
67. Rb5 Rxa4 68. Rb7 b3+ 69. Ke5 Ra6 70. Rxb3 Kxh7 1/2-1/2

[Event "Olympiad Top DivD"]
[Site "chess.com INT"]
[Date "2021.09.10"]
[Round "9.2"]
[White "Noritsyn, Nikolay"]
[Black "Duda, Jan Krzysztof"]
[Result "0-1"]
[WhiteElo "2512"]
[BlackElo "2756"]
[PlyCount "58"]
[EventDate "2021.09.08"]
[EventType "team (rapid)"]
[EventRounds "9"]
[EventCountry "NET"]
[Source "Mark Crowther"]
[SourceDate "2021.09.13"]
[WhiteTeam "Canada"]
[BlackTeam "Poland"]
[WhiteTeamCountry "CAN"]
[BlackTeamCountry "POL"]

1. e4 c6 2. d4 d5 3. e5 Bf5 4. Bd3 Bxd3 5. Qxd3 e6 6. Ne2 Ne7 7. O-O Nd7 8. Nd2
c5 9. c3 Nc6 10. Qh3 Be7 11. Nf3 Qb6 12. a3 a5 13. Qg4 g6 14. Re1 h5 15. Qg3 a4
16. c4 h4 17. Qf4 dxc4 18. d5 exd5 19. Nc3 Nd4 20. Nxd5 Qc6 21. Nxd4 Qxd5 22.
Nb5 Rc8 23. Bd2 h3 24. Qe4 Qxe4 25. Rxe4 Rc6 26. Rxc4 Nxe5 27. Re4 f6 28. f4
Nd3 29. Rxa4 Kf7 0-1